| 000 | 00507cam a2200205 4500 | ||
|---|---|---|---|
| 001 | D2063 | ||
| 008 | 090401t1982 xxu||||| |||| 00| 0 eng d | ||
| 035 | _a(Sirsi) u67294 | ||
| 041 | _aeng | ||
| 050 | _a526.9028 | ||
| 100 | _aBurnside, C. D. | ||
| 245 | _aElectromagnetic distance measurement | ||
| 250 | _a2nd | ||
| 260 |
_aSt. Albans, Herts _bGranada Publishing _c1982 |
||
| 300 | _ax. 204p. 23cm | ||
| 350 | _a9.95 | ||
| 520 | _a2nd edition by C D Burnside | ||
| 942 | _n0 | ||
| 948 | _c04/03/1997 | ||
| 999 |
_c94988 _d94988 |
||